تقليص العمل الورقي / (رقم التسجيلة. 29078)

تفاصيل مارك
000 -الفاتح
حقل البيانات ثابتة الطول 00988nam a2200217 a 4500
003 - محدد رقم الضبط
رقم الضبط OSt
005 - وقت وتاريخ اخر تعامل مع التسجيلة
رقم الضبط 20150408114126.0
008 - عناصر البيانات ثابتة الطول - معلومات عامة
حقل البيانات ثابتة الطول 130227s2013 ua a g 000 0 ara d
020 ## - الرقم الدولى المعيارى للكتب
الرقم الدولى المعيارى للكتاب 9789773373669
040 ## - مصدر الفهرسة
وكالة الفهرسة الأصلية MA_UN
082 04 - رقم تصنيف ديوى العشرى
رقم الطبعة 21
رقم التصنيف 651.53
رقم المادة م ر ا
110 2# - المدخل الرئيسى - إسم هيئة
اسم الهيئة أو اسم السلطة كمدخل مركز الخبرات المهنية للإدارة (القاهرة)
245 10 - بيان العنوان
العنوان تقليص العمل الورقي /
بيان المسئوليه,etc إعداد المادة العلمية خبراء مركز الخبرات المهنية للإدارة .. بميك ؛ المستشار العلمي عبد الرحمن توفيق.
260 ## - PUBLICATION, DISTRIBUTION, ETC. (IMPRINT)
مكان الناشر او الموزع القاهرة :
اسم الناشر او الموزع بميك،
تاريخ النشر أو التوزيع 2013
-- [1434]
300 ## - الوصف المادى
التعداد 78 ص. ؛
أبعاد الوعاء 30 سم.
490 1# - بيان السلسلة
عنوان السلسلة المناهج التدريبية المتكاملة
650 #7 - المدخل الاضافى بالموضوع-مصطلح موضوعى
مصدر الرأس أو المصطلح aucsh
مصطلح موضوعي أو اسم جغرافي كعنصر مدخل الأرشيف والمحفوظات
9 (RLIN) 14073
التقسيم الفرعي العام إدارة
700 1# - المدخل الاضافى - اسم شخصى
الإسم الشخصى توفيق، عبد الرحمن
الدور مشرف.
9 (RLIN) 34315
830 2# - المدخل الاضافى بالسلسلة -عنوان موحد
عنوان موحد المناهج التدريبية المتكاملة (بميك)
9 (RLIN) 34375
942 ## - عناصر المدخل الإضافي( كوها)
مصدر التصنيف او مخطط الترفيف Dewey Decimal Classification
Koha [default] item type كتاب
المقتنيات
حالة الفقد نموذج السعر الفعال حالة تلف ليس للاعارة رقم الطلب رقم النسخة تاريخ الاكتساب الموقع الحالي الباركود الفرع الرئيسي Date last checked out Date last seen نوع المادة فى نظام كوها مصدر التصنيف او خطة الترفيف Total Checkouts
  2013-03-27   Not For Loan 651.53 م ر ا 1 2013-03-27 المكتبة المركزية بالمجمعة (CL) 00205319 المكتبة المركزية بالمجمعة (CL)   2013-03-27 كتاب Dewey Decimal Classification  
  2013-03-27     651.53 م ر ا 2 2013-03-27 المكتبة المركزية بالمجمعة (CL) 00205318 المكتبة المركزية بالمجمعة (CL)   2013-03-27 كتاب Dewey Decimal Classification  
  2013-03-27     651.53 م ر ا 3 2013-03-27 المكتبة المركزية بالمجمعة (CL) 00205317 المكتبة المركزية بالمجمعة (CL)   2013-03-27 كتاب Dewey Decimal Classification  
  2013-03-16   Not For Loan 651.53 م ر ا 1 2013-03-16 مكتبة كلية العلوم و الدراسات الإنسانية برماح - طالبات (SRF) 00204934 مكتبة كلية العلوم و الدراسات الإنسانية برماح - طالبات (SRF)   2013-03-16 كتاب Dewey Decimal Classification  
  2013-03-16     651.53 م ر ا 2 2013-03-16 مكتبة كلية العلوم و الدراسات الإنسانية برماح - طالبات (SRF) 00204933 مكتبة كلية العلوم و الدراسات الإنسانية برماح - طالبات (SRF)   2013-03-16 كتاب Dewey Decimal Classification  
  2013-03-16   Not For Loan 651.53 م ر ا 1 2013-03-16 مكتبة كلية العلوم و الدراسات الإنسانية برماح - طلاب (SRM) 00205187 مكتبة كلية العلوم و الدراسات الإنسانية برماح - طلاب (SRM) 2019-01-23 2019-02-14 كتاب Dewey Decimal Classification 1
  2013-03-16     651.53 م ر ا 2 2013-03-16 مكتبة كلية العلوم و الدراسات الإنسانية برماح - طلاب (SRM) 00205188 مكتبة كلية العلوم و الدراسات الإنسانية برماح - طلاب (SRM)   2013-03-16 كتاب Dewey Decimal Classification  
  2013-03-24     651.53 م ر ا 1 2013-03-24 مكتبة مجمع الكليات بالزلفى - طلاب (SZM) 00205086 مكتبة مجمع الكليات بالزلفى - طلاب (SZM)   2013-03-24 كتاب Dewey Decimal Classification  
  2013-03-24     651.53 م ر ا 2 2013-03-24 مكتبة مجمع الكليات بالزلفى - طلاب (SZM) 00205085 مكتبة مجمع الكليات بالزلفى - طلاب (SZM)   2013-03-24 كتاب Dewey Decimal Classification